Adhunika bhouthikam (Record no. 31780)
[ view plain ]
| 000 -LEADER | |
|---|---|
| fixed length control field | 01211nam a2200157Ia 4500 |
| 008 - FIXED-LENGTH DATA ELEMENTS--GENERAL INFORMATION | |
| fixed length control field | 210323s9999||||xx |||||||||||||| ||und|| |
| 040 ## - CATALOGING SOURCE | |
| Transcribing agency | STCPL |
| 082 ## - DEWEY DECIMAL CLASSIFICATION NUMBER | |
| Classification number | 539 |
| Item number | NAM-A |
| 100 ## - MAIN ENTRY--PERSONAL NAME | |
| Personal name | S N N Nambissan |
| 245 #0 - TITLE STATEMENT | |
| Title | Adhunika bhouthikam |
| Title in other language | ആധുനിക ഭൗതികം |
| 260 ## - PUBLICATION, DISTRIBUTION, ETC. | |
| Place of publication, distribution, etc. | Thiruvananthapuram |
| Name of publisher, distributor, etc. | Kerala Book Mark |
| Date of publication, distribution, etc. | 1974 |
| 300 ## - PHYSICAL DESCRIPTION | |
| Extent | 1-viii, 1-277 |
| 650 ## - SUBJECT ADDED ENTRY--TOPICAL TERM | |
| Topical term or geographic name entry element | PhysicsModern Physicsപ്രപഞ്ചത്തില് നമ്മുടെ സ്ഥാനം, ഖരം, ദ്രവം, വാതകം, ചലനനിയമങ്ങള്, സദിശങ്ങളും അവയുടെ പ്രയോഗങ്ങളും, ഊര്ജവും സംവേഗവും, ഘൂര്ണന ബലതന്ത്രം, ഭ്രമണപഥങ്ങളും, ഉപഗ്രഹങ്ങളും, ഇലാസ്തിക കമ്പനങ്ങള്, തരംഗങ്ങള്, ശബ്ദം, താപവും താപനിലയും, ബോര് അണു, സ്വാഭാവിക റേഡിയോ ആക്ടീവത, ജൈവ ഭൗതികം, ഭൂഭൗതികം, ഖഗോള ഭൗതികം |
| 942 ## - ADDED ENTRY ELEMENTS (KOHA) | |
| Koha item type | Books |
| 041 ## - LANGUAGE CODE | |
| Language code of original | Malayalam |
| Withdrawn status | Lost status | Damaged status | Not for loan | Home library | Current library | Shelving location | Date acquired | Cost, normal purchase price | Total Checkouts | Barcode | Date last seen | Price effective from | Koha item type |
|---|---|---|---|---|---|---|---|---|---|---|---|---|---|
| ST. THOMAS COLLEGE LIBRARY, PALAI | ST. THOMAS COLLEGE LIBRARY, PALAI | 2021-07-10 | 10.50 | 44373 | 2021-07-10 | 2021-07-10 | Books |
